000 01106nam a22002537a 4500
005 20170124103110.0
010 _aA-765143
020 _c65.00
_a8186308075
035 _aA-765143
037 _bCen Lib/Ret
040 _aDPL
_bHN
082 _a630
_bपाण्डेय
100 _aपाण्डेय, परमहंस
_979285
245 _aकृषि उत्पाद संसाधन के सिद्धांत /
_cपरमहंस पाण्डेय
246 _aKrishi utpad sansadhan ke siddhant
_bby Pramhans Pandey
260 _aदिल्ली
_bस्टैण्डर्ड पब्लिशेर्स
_c1995
270 _a1705-बी ,नई सड़क
_bदिल्ली
_e110006
300 _a252पृष्ठ. :
_c20सेमी(सजिल्द)
_bचित्र.
650 _aकृषि विज्ञान
_979286
650 _aकृषि संसाधन
_93679
650 _aAgriculture Science
_940544
650 _aAgricultural Resources
_979287
942 _2ddc
_cHN
_h630
_mपाण्डेय
999 _c118288
_d118288